History and Trends in Nursing in India (Record no. 156517)

MARC details
000 -LEADER
fixed length control field 00337nam a2200133Ia 4500
008 - FIXED-LENGTH DATA ELEMENTS--GENERAL INFORMATION
fixed length control field 230411s9999 xx 000 0 und d
041 ## - LANGUAGE CODE
Language code of text/sound track or separate title eng
082 ## - DEWEY DECIMAL CLASSIFICATION NUMBER
Classification number F/610.7309/TNA/B06055
100 ## - MAIN ENTRY--PERSONAL NAME
Personal name TNAI
245 ## - TITLE STATEMENT
Title History and Trends in Nursing in India
260 ## - PUBLICATION, DISTRIBUTION, ETC. (IMPRINT)
Name of publisher, distributor, etc. TNAI
Place of publication, distribution, etc. New Delhi
Date of publication, distribution, etc. 2001
300 ## - PHYSICAL DESCRIPTION
Extent 290p
Holdings
Withdrawn status Lost status Damaged status Not for loan Collection code Home library Current library Date acquired Vendor Cost, normal purchase price Bill number Total Checkouts Full call number Barcode Date last seen Cost, replacement price Bill Date Koha item type Original Barcode
          Smt. Bakul Tambat Institute of Nursing Education Smt. Bakul Tambat Institute of Nursing Education 06/01/2010 TNAI-New Delhi. 150.00 43279   F 610.7309 TNA B06055 BTIN-BK-6055 11/04/2023 135.00 14/02/2002 Books B06055